banner koha

Qualidade de mudas de Tabebuia aurea (Manso) Benth. & Hook. em dois ambientes e diferentes níveis de fertirrigação (Registro n. 298425)

MARC details
000 -LÍDER
fixed length control field 03945nab a2200313 i 4500
003 - CÓDIGO MARC DA AGÊNCIA CATALOGADORA
Campo de controle BR-BrBNA
005 - DATA E HORA DA ÚLTIMA ATUALIZAÇÃO
Campo de controle 20240202080907.0
008 - CAMPO DE TAMANHO FIXO
fixed length control field 240202b2018 bl.qr|pooa||| 00| 0 por |
040 ## - FONTE DA CATALOGAÇÃO
Agência catalogadora BR-BrBNA
Idioma da catalogação por
072 ## - CATEGORIA AGRIS
Código AGRIS K10
Código do objeto 3290
072 ## - CATEGORIA AGRIS
Código AGRIS F04
100 ## - ENTRADA PRINCIPAL - NOME PESSOAL
Nome pessoal Dantas, Renata de Paiva
100 ## - ENTRADA PRINCIPAL - NOME PESSOAL
Nome pessoal Oliveira, Francisco de Assis de
100 ## - ENTRADA PRINCIPAL - NOME PESSOAL
Nome pessoal Cavalcante, Antonio Lucieudo Gonçalves
100 ## - ENTRADA PRINCIPAL - NOME PESSOAL
Nome pessoal Pereira, Kleane Targino Oliveira
100 ## - ENTRADA PRINCIPAL - NOME PESSOAL
Nome pessoal Oliveira, Mychelle Karla Teixeira de
100 ## - ENTRADA PRINCIPAL - NOME PESSOAL
Nome pessoal Medeiros, José Francismar de
245 ## - TÍTULO PRINCIPAL
Título principal Qualidade de mudas de Tabebuia aurea (Manso) Benth. & Hook. em dois ambientes e diferentes níveis de fertirrigação
500 ## - NOTA GERAL
Nota geral Publicação on-line; 23 ref.; 2 tables; 1 illus.; Summaries (En, Pt)
942 ## - ADDED ENTRY ELEMENTS (KOHA)
Koha item type
520 ## - NOTA DE RESUMO
Nota de conteúdo <br/><br/>RESUMO<br/><br/>A qualidade de mudas de espécies arbóreas é de fundamental importância para se obter êxito em projeto de reflorestamento ou de exploração comercial. Este trabalho foi desenvolvido com o objetivo de avaliar a influência de dois ambientes (AMB-1, casa de vegetação; AMB-2, câmara plástica instalada dentro da casa de vegetação) e concentrações de nutrientes aplicados via fertirrigação (0, 50, 100 e 150% de uma solução nutritiva padrão) na produção de mudas de Tabebuia aurea, utilizando delineamento inteiramente casualizado, com quatro repetições. Foram avaliadas as seguintes características: altura (H), diâmetro do coleto (DC), número de folhas (NF), área foliar (AF), massa seca da parte aérea (MSPA), massa seca de raiz (MSR) e massa seca total (MST), relação H/DC, área foliar específica (AFE), razão de área foliar (ARF) e índice de qualidade de Dickson (IQD). A análise dos dados revelou que houve interação significativa entre os fatores para a maioria das variáveis. O uso da câmara plástica (AMB-2) proporcionou maior crescimento das mudas de Tabebuia aurea. Soluções de fertirrigação com concentração de nutrientes variando de 80 a 100% da solução padrão proporcionam mudas de Tabebuia aurea de melhor qualidade.<br/><br/>Palavras-chave: Tabebuia aurea; espécies florestais; índice de qualidade de Dickson.
520 ## - NOTA DE RESUMO
Nota de conteúdo <br/>ABSTRACT<br/><br/>The quality of seedlings of tree species is crucial to succeed in reforestation project or commercial exploitation. This work was to evaluate the influence of two environments (AMB-1, greenhouse; AMB-2, plastic camera installed inside the greenhouse) and concentrations of nutrients applied by fertigation (0; 50; 100 and 150% of a patterns nutrient solution) in the production of seedlings of Tabebuia aurea using design was completely randomized, with four replications. The following growth characteristics were evaluated: height, stem diameter, number of leaves, leaf area, dry matter aerial part, dry root matter, dry root weight, total dry matter, height/stem diameter ratio, specific leaf area, leaf area ratio and Dickson quality index (IQD). Data analysis revealed that there was significant interaction between the factors for most variables. The use of the plastic chamber (AMB-2) provided greater growth of Tabebuia aurea seedlings. Fertigation solutions with nutrient concentrations varying from 80 to 100% of the standard solution provide better quality Tabebuia aurea seedlings.<br/><br/>Keywords: Tabebuia aurea; forest species; index of Dickson quality.
650 ## - ASSUNTO - THESAGRO
Cabeçalho tópico ou nome geográfico ESSÊNCIA FLORESTAL
650 ## - ASSUNTO - THESAGRO
Cabeçalho tópico ou nome geográfico CARAÍBA
650 ## - ASSUNTO - THESAGRO
Cabeçalho tópico ou nome geográfico FERTIRRIGAÇÃO
773 0# - ENTRADA ANALÍTICA
Host Biblionumber 4065
Registro do item 198128
Imprenta Santa Maria-RS Universidade Federal de Santa Maria - Centro de Pesquisas Florestais.Departamento de Ciências Florestais. Programa de Pós-Graduação em Engenharia Florestal 1991
Outro identificador 2023-437009
Título Ciência Florestal (Brazil)
ISSN 0103-9954; 1980-5098 (on-line)
Colação v. 28(3) p. 1253-1262 (Jul-Sep 2018)
Número de controle de registro BR2023001527
856 ## - ACESSO E ENDEREÇO ELETRÔNICO
Identificador uniforme de recurso - URI https://periodicos.ufsm.br/cienciaflorestal/article/view/33370/pdf

Nenhum exemplar disponível.

BINAGRI

Telefone: (61)3218-2567/2388/3357/2097 - binagri@agro.gov.br

Ministério da Agricultura e Pecuária , Esplanada dos Ministérios, Bloco D, Anexo B, Brasília/DF, CEP: 70.043-900